| 000 | 00586nam a22002177a 4500 | ||
|---|---|---|---|
| 999 |
_c9188 _d9188 |
||
| 001 | 9188 | ||
| 003 | BD-JhCC | ||
| 005 | 20180628102018.0 | ||
| 008 | 180310s1981 bg ||||| |||| 00| 0 eng d | ||
| 035 | _a(BD-JhCC) 9188 | ||
| 040 |
_aBD-JhCC _dBD-JhCC |
||
| 041 | _aeng | ||
| 082 |
_a821.109353 _bHAQ 1981 |
||
| 100 | _aHaque, Ahsanul | ||
| 245 |
_aThe Enchanted Landscape : _cStudies in Middle English Dream Poetry / _bAhsanul Haque |
||
| 260 |
_aBngladesh: _bUniversity Of Dacca _cHAQ 1981 |
||
| 300 |
_a120 p ; _c22 cm |
||
| 650 | _aPoetry | ||
| 942 |
_2ddc _cBK |
||